000
00287nam a22001337a 4500
008
171002b xxu||||| |||| 00| 0 eng d
020
_a
9780618042814
041
_a
eng
080
_2
8 ED
_a
159.9
100
_a
48
101
_a
PSI
245
_a
ASSEMENT
_c
SALVIA.Y
942
_2
udc
_c
BK
999
_c
31230
_d
31230